|
|
|
|
| LEADER |
00000nam a22000007a 4500 |
| 005 |
20201209233921.0 |
| 007 |
cr|||| |||| |
| 008 |
201209s2018 co |||||s|||| 00||0 spa d |
| 020 |
|
|
|a 978-958-781-226-8
|
| 035 |
|
|
|a 32331
|
| 040 |
|
|
|a vLex
|
| 090 |
|
|
|c 10929
|d 10929
|
| 100 |
1 |
|
|a McShane, Philip
|
| 245 |
1 |
0 |
|a Economa̕ para todos
|h [Recurso electrn̤ico] :
|b El capital justo /
|c Philip McShane
|
| 256 |
|
|
|a Servicio en ln̕ea
|
| 260 |
|
|
|a Bogot:̀
|b Pontificia Universidad Javeriana,
|c 2018
|
| 300 |
|
|
|a 1 recurso electrn̤ico
|
| 500 |
|
|
|a La economa̕ actual se basa principalmente en el anl̀isis de un n︢ico flujo econm̤ico: el producto interno bruto, que ha sido el paradigma hegemn̤ico. Como alternativa, este libro presenta una economa̕ dinm̀ica y ms̀ democrt̀ica que imvolucra un complejo de circulaciones. En un diagrama fundamental se articulan dos grandes circuitos de la produccin̤ con sus cruces e intercambios, a travš de un centro decisivo de redistribucin̤.
|
| 506 |
1 |
|
|a Disponible solo en los productos indicados
|d vLex Global
|d vLex Global (Academic Edition, excluding Law Schools)
|d vLex Global (U.S. Academic Edition, Law Schools)
|d vLex Global (U.S. Academic Edition, excluding Law Schools)
|d vLex Global (Academic Edition, Law Schools)
|
| 650 |
0 |
4 |
|a Economa̕ y negocios
|z Colombia
|
| 650 |
0 |
4 |
|a Ciencias sociales
|z Colombia
|
| 650 |
0 |
4 |
|a Humanidades
|z Colombia
|
| 740 |
0 |
|
|a vLex Libros (Servicio en ln̕ea)
|
| 856 |
4 |
0 |
|u http://vlex.com/source/economia-para-todos-el-capital-justo-32331
|z Acceso restringido
|
| 942 |
|
|
|c BOOK
|
| 999 |
0 |
|
|a Economy and business
|
| 999 |
0 |
|
|a Social Sciences
|
| 999 |
0 |
|
|a Humanities
|